000 01897cam a22003135i 4500
001 21763968
005 20260606141905.0
008 201021s2020 cau 000 0 eng
010 _a 2020948612
020 _a9789353886868
_q(paperback)
020 _z9789353886875
_q(epub)
020 _z9789353886882
_q(ebook)
035 _a21763968
040 _aDLC
_beng
_erda
_cDLC
042 _apcc
082 _a332.10954
100 1 _aSabnavis, Madan,
_eauthor.
245 1 0 _aHits and misses :
_bthe Indian banking story /
_cMadan Sabnavis.
263 _a2011
264 1 _aThousand Oaks :
_bSAGE Publishing,
_c2020.
336 _atext
_btxt
_2rdacontent
337 _aunmediated
_bn
_2rdamedia
338 _avolume
_bnc
_2rdacarrier
520 _a"Do you often wonder-'Is my money safe in banks?' India is grappling with its worst banking crisis ever, and we are still trying to figure out what landed us here. This book analyses the role of the government and RBI in allowing the problem to reach the dimension it has assumed today. When will the never-ending NPA issue be resolved? Does it make sense to merge two PSBs when the culture and governance structures are alike? Should the RBI reserves be used in times of crisis? Should the tenure of a CEO be long or short? The book ponders and debates on some of these questions. Hits and Misses presents the two sides of the Indian banking story by giving an account of the reforms as well as quandaries in times of extraordinary economic and political challenges. The book answers many relevant questions by highlighting the highs and lows of the banking sector, which became subjects of debate in media and financial circles"--
_cProvided by publisher.
856 _uhttps://sk.sagepub.com/books/hits-and-misses
_yRead SAGE E-Book
906 _a0
_bibc
_corignew
_d2
_eepcn
_f20
_gy-gencatlg
942 _2ddc
_cEBOOK
999 _c44745
_d44745